Entry Personal Name
Number of records used in: 1
001 - CONTROL NUMBER
003 - CONTROL NUMBER IDENTIFIER
005 - DATE AND TIME OF LATEST TRANSACTION
- control field:
20231028112247.0
008 - FIXED-LENGTH DATA ELEMENTS
- fixed length control field:
200922n| azannaabn |a aaa
010 ## - LIBRARY OF CONGRESS CONTROL NUMBER
- LC control number:
n 2020242049
040 ## - CATALOGING SOURCE
- Original cataloging agency:
DLC
- Language of cataloging:
eng
- Description conventions:
rda
- Transcribing agency:
DLC
- Modifying agency:
DLC
046 ## - SPECIAL CODED DATES
053 #0 - LC CLASSIFICATION NUMBER
- Classification number element--single number or beginning number of span:
PL4718.9.E28
100 0# - HEADING--PERSONAL NAME
- Personal name:
Eccmukkuṭṭi
370 ## - ASSOCIATED PLACE
- Place of birth:
Trivandrum (India)
- Other associated place:
Delhi (India)
- Source of term:
naf
372 ## - FIELD OF ACTIVITY
- Field of activity:
Literature
- Field of activity:
Feminism
- Source of term:
lcsh
374 ## - OCCUPATION
- Occupation:
Authors
- Source of term:
lcsh
374 ## - OCCUPATION
- Occupation:
Feminists
- Source of term:
lcdgt
375 ## - GENDER
- Gender:
Females
- Source of term:
lcdgt
377 ## - ASSOCIATED LANGUAGE
400 0# - SEE FROM TRACING--PERSONAL NAME
- Personal name:
Echmukkutty
400 0# - SEE FROM TRACING--PERSONAL NAME
- Personal name:
Echmu Kutty
400 1# - SEE FROM TRACING--PERSONAL NAME
400 1# - SEE FROM TRACING--PERSONAL NAME
670 ## - SOURCE DATA FOUND
- Source citation:
Itent̲e raktamānitent̲e māṃsamāṇeṭuttukoḷḷuka, April 2019:
- Information found:
title page (Eccmukkuṭṭi) t.p. verso (Echmukkutty) p. 2 (born in Trivandrum, Kerala, India; lived and worked in Delhi, India, for many years; Malayalam author, blogger, and feminist)
670 ## - SOURCE DATA FOUND
- Source citation:
Author's blogspot page, viewed, September 22, 2020
- Information found:
(started publishing in Malayalam in 2008)
- Uniform Resource Identifier:
http://echmuvoduulakam.blogspot.com/p/blog-page.html
670 ## - SOURCE DATA FOUND
- Source citation:
Times of India's, Samayam, Malayalam website, viewed, September 22, 2020
- Information found:
(Kala Si.)
- Uniform Resource Identifier:
https://malayalam.samayam.com/latest-news/kerala-news/writer-echmukuttys-allegation-against-her-ex-husband/articleshow/67557702.cms
670 ## - SOURCE DATA FOUND
- Source citation:
Indiaree, magazine, website, viewed, September 22, 2020
- Information found:
(Kala.C., who writes with the name of Echmu Kutty is primarily a short story writer and blogger)
- Uniform Resource Identifier:
http://indiaree.com/Profiles/phone-prfl.php?prfl=echmukutty